000 00335nam a2200145Ia 4500
003 OSt
005 20240213110649.0
008 170524s9999 xx 000 0 und d
020 _a9383137916
040 _cIIMT
100 _aPAWAR A. K.
245 0 _aCIVIL ENGINEERING DRAWING
260 _bNEW DELHI: VAYU EDUCATION
942 _2ddc
_c02
999 _c7577
_d7577